Score 0/36 Timer 04:00
2 Plays Today
% Correct
MARGE
93.8%
LARGE
93.8%
♦ MARIO ♦
91.2%
MARIE
87.5%
RENTS
86.4%
DENTS
84.8%
DENTE
83.8%
BULLS
83.1%
RINKS
82.9%
PULLS
82.7%
DANCE
80.8%
LANCE
80.8%
DANTE
80.3%
ROADS
80.2%
TALKS
79.7%
POLIO
79.6%
LANGE
79%
POLLO
77.9%
% Correct
RACKS
77.8%
POLLS
77.2%
READS
76.3%
TACKS
73.9%
LOADS
73.5%
RANKS
73.1%
BALKS
72.3%
BULKS
72.1%
♦ COINS ♦
70.8%
♦ SONIC ♦
70.7%
LOANS
70.5%
RENDS
70.3%
LOINS
67.1%
CONIC
62%
COLIC
59.9%
♦ RINGS ♦
59.4%
FOLIC
56.5%
FOLIO
56.4%

Today's Daily Dose

Missing Word
I Hardly Know Her!

Word Ladder
Sentence Ending

Quick Pick
Female Firsts

Get the Picture
Triathlon Sports

Remove Ads.
Support Sporcle.
Get the best of Sporcle when you Go Orange. This ad-free experience offers more features, more stats, and more fun while also helping to support Sporcle. Thank you for becoming a member.

You're not logged in!

Compare scores with friends on all Sporcle quizzes.
OR
Log In

Show Comments

Extras

Top Quizzes Today


Score Distribution

Your Account Isn't Verified!

In order to create a playlist on Sporcle, you need to verify the email address you used during registration. Go to your Sporcle Settings to finish the process.

Report this User

Report this user for behavior that violates our Community Guidelines.

Details: